National Parks In New England - Statistics

General Stats
  • This quiz has been taken 6 times
  • The average score is 2 of 22
Answer Stats
Type Answer State % Correct
NP Acadia ME
100%
NHP Boston MA
60%
NS Cape Cod MA
40%
NHP Lowell MA
20%
NHP Adams MA
0%
NST Appalachian ME
0%
NHS Boston African American MA
0%
NRA Boston Harbor Islands MA
0%
NHS Frederick Law Olmsted MA
0%
NHS John Fitzgerald Kennedy MA
0%
NM Katahdin Woods and Waters ME
0%
NHS Longfellow House MA
0%
NHP Marsh-Billings-Rockefeller VT
0%
NHP Minute Man MA
0%
NHP New Bedford Whaling MA
0%
N MEM Roger Williams RI
0%
IHS Saint Croix Island ME
0%
NHP Saint-Gaudens NH
0%
NHS Salem Maritime MA
0%
NHS Saugus Iron Works MA
0%
NHS Springfield Armory MA
0%
NHP Weir Farm CT
0%
No matching quizzes found
Score Distribution
Percent of People with Each Score
Percentile by Number Answered
Your Score History
You have not taken this quiz